[Event "US Open-88"]
[Site "Portland"]
[Date "1987.08.13"]
[Round "11"]
[White "Uehling, Theodore"]
[Black "Anderson, John R"]
[Result "1-0"]
[WhiteElo "1536"]
[BlackElo "1874"]
[PlyCount "30"]
[EventDate "1987.08.02"]
[EventType "swiss"]
[EventRounds "12"]
[EventCountry "USA"]
[SourceTitle "EXT 1997"]
[Source "ChessBase"]
[SourceDate "1996.11.15"]
[SourceVersion "1"]
[SourceVersionDate "1996.11.15"]
[SourceQuality "1"]

1. e4 Nf6 2. e5 Nd5 3. d4 Nc6 4. c4 Nb6 5. Nf3 d6 6. exd6 exd6 7. b3 Bg4 8. Be2 Be7 9. Bb2 Bf6 10. 0-0 0-0 11. Nbd2 Re8 12. a3 Nxd4 13. Bxd4 Bxd4 14. Nxd4 c5 15. Bxg4 cxd4 1-0